Disney Animated Movies - 'THE' in the Title - Statistics

General Stats
  • This quiz has been taken 55 times
    37 since last reset
  • The average score is 17 of 26
Answer Stats
Movie % Correct
THE Little Mermaid
86%
THE Princess and THE Frog
86%
Beauty and THE Beast
82%
Snow White and THE Seven Dwarfs
82%
THE Rescuers
82%
Lady and THE Tramp
77%
THE Fox and THE Hound
77%
THE Jungle Book
77%
THE Lion King
77%
THE Black Cauldron
73%
THE Adventures of Ichabod & Mr. Toad
68%
THE Great Mouse Detective
68%
THE Many Adventures of Winnie THE Pooh
68%
THE Sword in THE Stone
68%
Winnie THE Pooh
68%
THE Aristocats
64%
THE Hunchback of Notre Dame
64%
THE Emperor's New Groove
59%
THE Rescuers Down Under
59%
THE Three Caballeros
59%
Raya and THE Last Dragon
55%
Atlantis: THE Lost Empire
50%
Meet THE Robinsons
45%
Home on THE Range
41%
Ralph Breaks THE Internet
41%
BroTHEr Bear
23%
No matching quizzes found
Score Distribution
Percent of People with Each Score
Percentile by Number Answered
Your Score History
You have not taken this quiz since the last reset